Materiales para la clase historia

Պահպանված է:
Մատենագիտական մանրամասներ
Հիմնական հեղինակներ: Balanzá, Manuela (Հեղինակ), Bellver Martín, María Dolores (Հեղինակ), Bravo, Juana (Հեղինակ), Castelló, Jose Emilio (Հեղինակ), Cercós, María Antonia (Հեղինակ), Ginés, Alfons (Հեղինակ), Laso de la Vega, Carmen (Հեղինակ), Martín, Maribel (Հեղինակ), Prats Cuevas, Joaquim (Հեղինակ), Sanz, Leonor (Հեղինակ), Tamborero, Manuel (Հեղինակ)
Այլ հեղինակներ: Paniagua, Xavier (autor)
Ձևաչափ: Գիրք
Լեզու:իսպաներեն
Հրապարակվել է: Madrid Anaya 1979
Շարք:Grup Germania, 75
Խորագրեր:
Ցուցիչներ: Ավելացրեք ցուցիչ
Չկան պիտակներ, Եղեք առաջինը, ով նշում է այս գրառումը!

MARC

LEADER 00000nam a2200000 a 4500
001 UCN2497
003 CL-VaPUC
008 010530e19790000SP |||||||||||||||||spa|d
082 0 4 |a 372.89  |b BAL  |2 21 
100 |a Balanzá, Manuela  |e author  |9 458462 
700 0 |a Bellver Martín, María Dolores  |e author  |9 458463 
700 0 |a Bravo, Juana  |e author  |9 458464 
700 0 |a Castelló, Jose Emilio  |e author  |9 458465 
700 0 |a Cercós, María Antonia  |e author  |9 458466 
700 0 |a Ginés, Alfons  |e author  |9 458467 
700 0 |a Laso de la Vega, Carmen  |e author  |9 458468 
700 0 |a Martín, Maribel  |e author  |9 458469 
700 |a Paniagua, Xavier  |e autor  |9 458482 
700 0 |a Prats Cuevas, Joaquim  |e author  |9 458471 
700 0 |a Sanz, Leonor  |e author  |9 458472 
700 0 |a Tamborero, Manuel  |e author  |9 458473 
245 1 0 |a Materiales para la clase historia 
300 |a v 
942 |c BK 
945 |d 20010530 00:00:00  |a vberengu 
260 |a Madrid  |b Anaya  |c 1979 
500 |a Proyecto experimental de didáctica de la historia para un primer curso de B.U.P 
500 |a v.1: El origen del hombre y la sociedad depredadora 
500 |a  El neolítico y la revolución 
500 |a  El mundo clásico 
500 |a v.2: El feudalismo 
500 |a  La transición del feudalismo al capitalismo 
500 |a  La revolución industrial 
500 |a v.3: Las revoluciones políticas y sociales en el siglo XIX 
500 |a  El siglo XX 
650 0 |a Enseñanza de la historia   |9 307330 
583 |a last modification  |c 20190731 02:57:01  |k Rodrigo Vera 
490 0 |a Grup Germania, 75 
999 |c 295595  |d 295593 
952 |0 0  |1 0  |4 0  |6 372_890000000000000_BAL_1979  |7 0  |8 A  |9 348861  |a BIBHIS  |b BIBHIS  |d 2019-11-20  |h v.1  |i 3681645  |o 372.89 BAL 1979  |p 3681645  |r 2025-01-20  |w 2019-11-20  |y BK  |k HIS 
952 |0 0  |1 0  |4 0  |6 372_890000000000000_BAL_1979  |7 0  |8 A  |9 348862  |a BIBHIS  |b BIBHIS  |d 2019-11-20  |h v.2  |i 3681653  |o 372.89 BAL 1979  |p 3681653  |r 2025-01-20  |w 2019-11-20  |y BK  |k HIS 
952 |0 0  |1 0  |4 0  |6 372_890000000000000_BAL_1979  |7 0  |8 A  |9 348863  |a BIBHIS  |b BIBHIS  |d 2019-11-20  |h v.3  |i 3681661  |o 372.89 BAL 1979  |p 3681661  |r 2025-01-20  |w 2019-11-20  |y BK  |k HIS